| 000 | 01085cam a2200277 4500 | ||
|---|---|---|---|
| 008 | 040505n2004 000 0 eng u | ||
| 020 | _a1860816959 | ||
| 035 | _a(Sirsi) u128381 | ||
| 041 | _aeng | ||
| 050 |
_a674.834 _c18 |
||
| 100 | _aDinwoodie, J. M. | ||
| 245 |
_aWood-based panels _bhardboard, medium board and softboard. |
||
| 260 |
_aWatford _bBRE _c2004 |
||
| 300 |
_a8p. _c30cm. |
||
| 490 |
_aBRE Digest _v477 Part 6 |
||
| 520 | _aDescribes the wet-process fibreboards and provides guidance on their use when manufactured to the European Standard EN 622 Parts 1 to 4. Discusses when the product is used in construction within Europe, mandatory compliance can be achieved by using the new European harmonised standard (BS EN 13986:2002). | ||
| 650 | _aHARDBOARD | ||
| 650 | _aMEDIUM DENSITY FIBREBOARD | ||
| 650 | _aSOFTBOARD | ||
| 650 | _aBS EN 13986:2002 | ||
| 690 | _aBUILT ENVIRONMENT-BUILDING MATERIALS | ||
| 700 | _aEnjily, V. | ||
| 710 |
_aUnited Kingdom _bDepartment of Trade and Industry |
||
| 710 | _aBuilding Research Establishment | ||
| 942 | _n0 | ||
| 999 |
_c103902 _d103902 |
||